| 000 | 00491nam a22001697a 4500 | ||
|---|---|---|---|
| 999 |
_c1506 _d1506 |
||
| 003 | AR-CdUCM | ||
| 008 | 190227b ||||| |||| 00| 0 spa d | ||
| 040 |
_aMUNICIPALIDAD PROVINCIAL DEL CUSCO _cBIBLIOTECA MUNICIPAL DEL CUSCO |
||
| 082 |
_a863 / _bR92 |
||
| 100 |
_aJurgen, Ruhle _95702 |
||
| 245 | _aLiteratura y Revolución / | ||
| 260 |
_aEspaña : _bLuis De Caralt ; _c1963. |
||
| 300 |
_a481 páginas _c22cm |
||
| 505 | _aLiteratura | ||
| 942 |
_2ddc _cLIBROS |
||
| 945 |
_anom _d2019-02-27 |
||